[Event "Saint Affrique op 19th"]
[Site "Saint Affrique"]
[Date "2011.07.25"]
[Round "3"]
[White "Lepeigneux, Jean Jacques"]
[Black "Ferrandi, Bernard"]
[Result "1-0"]
[WhiteElo "1589"]
[BlackElo "1839"]
[PlyCount "85"]
[EventDate "2011.07.23"]
[EventType "swiss"]
[EventRounds "9"]
[EventCountry "FRA"]
[SourceTitle "CBM 143 Extra"]
[Source "ChessBase"]
[SourceDate "2011.08.29"]
[SourceVersion "1"]
[SourceVersionDate "2011.08.29"]
[SourceQuality "1"]

1. e4 e5 2. d4 exd4 3. Qxd4 Nc6 4. Qe3 b6 5. Nc3 Bc5 6. Qg3 g6 7. Bc4 d6 8. Bg5 Qd7 9. 0-0-0 Qg4 10. Nd5 Qxg3 11. hxg3 Kd7 12. Nf6+ Nxf6 13. Bxf6 Rf8 14. Rxh7 Ke8 15. Nf3 Be6 16. Bb5 Bd7 17. Ng5 Bxf2 18. Bxc6 Bxc6 19. Ne6 Kd7 20. Nxf8+ Rxf8 21. e5 Ke6 22. Rf1 Bxg3 23. Bg7 Rg8 24. Rf6+ Ke7 25. e6 Be8 26. exf7 Bxf7 27. Bh8 Rf8 28. Rf3 Be5 29. Bxe5 dxe5 30. Kd2 Ke6 31. Rg7 Rd8+ 32. Ke3 Rd7 33. g4 Be8 34. Rxd7 Bxd7 35. g5 Be8 36. Rf6+ Kd5 37. Rf8 Bd7 38. Rf7 Ke6 39. Rf6+ Kd5 40. Rxg6 Bf5 41. Rg7 Bxc2 42. Rxc7 Bf5 43. Rxa7 1-0

[Event "Marseille op 2nd "]
[Site "Marseille"]
[Date "2009.12.30"]
[Round "9"]
[White "Lepeigneux, Jean Jacques"]
[Black "Martin, Axel"]
[Result "0-1"]
[WhiteElo "1645"]
[BlackElo "1784"]
[PlyCount "64"]
[EventDate "2009.12.26"]
[EventType "swiss"]
[EventRounds "9"]
[EventCountry "FRA"]
[SourceTitle "CBM 134 Extra"]
[Source "ChessBase"]
[SourceDate "2010.03.03"]
[SourceVersion "1"]
[SourceVersionDate "2010.03.03"]
[SourceQuality "1"]

1. e4 e5 2. d4 exd4 3. Qxd4 Nc6 4. Qe3 Nf6 5. Nc3 Bb4 6. Bd2 0-0 7. h3 Re8 8. Nge2 d5 9. 0-0-0 d4 10. Qg3 Nh5 11. Qf3 dxc3 12. Bxc3 Qg5+ 13. Kb1 Bxc3 14. Qxc3 Nf6 15. f4 Qa5 16. e5 Nd7 17. g4 Nb6 18. g5 Be6 19. a3 Qxc3 20. Nxc3 Rad8 21. Bd3 a6 22. h4 Nd5 23. Nxd5 Bxd5 24. Rh2 g6 25. Rf1 Be6 26. h5 Kg7 27. hxg6 hxg6 28. f5 Bxf5 29. Bxf5 gxf5 30. Rxf5 Rxe5 31. Rxe5 Nxe5 32. Re2 Nc6 0-1

[Event "Marseille op 2nd "]
[Site "Marseille"]
[Date "2009.12.27"]
[Round "4"]
[White "Henri, Jacqueline"]
[Black "Lepeigneux, Jean Jacques"]
[Result "1-0"]
[WhiteElo "1448"]
[BlackElo "1645"]
[PlyCount "110"]
[EventDate "2009.12.26"]
[EventType "swiss"]
[EventRounds "9"]
[EventCountry "FRA"]
[SourceTitle "CBM 134 Extra"]
[Source "ChessBase"]
[SourceDate "2010.03.03"]
[SourceVersion "1"]
[SourceVersionDate "2010.03.03"]
[SourceQuality "1"]

1. e4 g6 2. d4 d6 3. Nf3 Bg7 4. Be2 Nf6 5. Nc3 c6 6. 0-0 0-0 7. Rb1 Nbd7 8. Bg5 e5 9. h3 Qe8 10. dxe5 dxe5 11. Be3 b6 12. Bd3 Bb7 13. Nd2 Rd8 14. Qf3 c5 15. Bb5 a6 16. Bc4 Nb8 17. Rbd1 Nc6 18. Bd3 Nd4 19. Qg3 Nh5 20. Qh2 b5 21. Be2 Nf6 22. h4 Nxe2+ 23. Nxe2 Rc8 24. f3 c4 25. c3 Nh5 26. g4 Nf6 27. Ng3 Qe6 28. g5 Nh5 29. Nxh5 gxh5 30. f4 Qg4+ 31. Kh1 exf4 32. Bxf4 Rcd8 33. Rg1 Bxe4+ 34. Nxe4 Rxd1 35. Rxd1 Qxd1+ 36. Kg2 Qe2+ 37. Nf2 Qxb2 38. Be5 Bxe5 39. Qxe5 Rd8 40. Qf6 Rd2 41. Kg3 Rxf2 42. Qxf2 Qxf2+ 43. Kxf2 Kg7 44. Ke3 Kg6 45. Ke4 b4 46. Kd4 Kf5 47. cxb4 c3 48. Kxc3 Kg4 49. a4 Kxh4 50. b5 Kg3 51. b6 h4 52. b7 h3 53. b8Q+ Kg2 54. Qb7+ Kg3 55. Qxf7 h2 1-0

[Event "Salon de Provence op 4th"]
[Site "Salon de Provence"]
[Date "2009.04.26"]
[Round "4"]
[White "Ducrocq, Christophe"]
[Black "Lepeigneux, Jean Jacques"]
[Result "1/2-1/2"]
[WhiteElo "1399"]
[BlackElo "1600"]
[PlyCount "49"]
[EventDate "2009.04.24"]
[EventType "swiss"]
[EventRounds "7"]
[EventCountry "FRA"]
[SourceTitle "EXT 2010"]
[Source "ChessBase"]
[SourceDate "2010.11.25"]
[SourceVersion "1"]
[SourceVersionDate "2010.11.25"]
[SourceQuality "1"]

1. d4 d5 2. Bf4 Nc6 3. e3 a6 4. Nf3 Bg4 5. Nbd2 Nf6 6. Be2 e6 7. h3 Bf5 8. Ne5 Bd6 9. Ndf3 Bxe5 10. Nxe5 Qe7 11. Nxc6 bxc6 12. a3 c5 13. Bd3 Bxd3 14. Qxd3 c4 15. Qd1 c5 16. Be5 0-0 17. dxc5 Ne4 18. Qd4 f6 19. Bd6 Nxd6 20. cxd6 Qxd6 21. 0-0 Rab8 22. Rfb1 Rb7 23. Ra2 Rfb8 24. c3 e5 25. Qd2 1/2-1/2